LEADER 01023nam a2200253 u 4500 001 000000043559 003 CaOOAMICUS 005 20070226114442.0 008 990407s1957 it u000 u ita u 035 $a10819220 040 $aPUL(R)$bita 100 1 $aVillani, Antonio.$0(OLS)http://pul/name/31866 245 13$aL'"oggettività" delle scienze sociali nella problematica di M. Weber /$cAntonio Villani. 260 $aMilano :$bA. Giuffrè,$c1957. 300 $a119 p. ;$c25 cm 500 $aContiene indici. 504 $aBibliografia in nota. 600 14$aWeber, Max,$d1864-1920.$0(OLS)http://pul/subject/18992 850 $aPUL 852 $aPUL$W1$xDP1 Cons. Gen., Altre Classi 1$y22$m43 A 39$j58698$nBK-PRI$b $qStampati$B58698$CPULBib$Z2$F58698 $H $81 941 1 $a8 961 $aINV: 50986 996 $6245$aL'"oggettività" delle scienze sociali nella problematica di M. Weber$9(OLS)http://pul/title/58743 996 $6260$aMilano :$bA. Giuffrè$9(OLS)http://pul/publisher/48096 LEADER 01204nam a2200277 u 4500 001 000000106676 003 CaOOAMICUS 005 20070904144618.0 008 070904s2006 it u000 u ita u 020 $a88-399-2179-6 040 $aPUL$bita$dLDB 100 1 $aManzone, Gianni,$d1951-$0(OLS)http://pul/name/30308 245 13$aIl lavoro tra riconoscimento e mercato :$bper una logica del dono /$cGianni Manzone. 260 $aBrescia :$bQueriniana,$cc2006. 300 $a359 p. ;$c23 cm 490 1 $aIntroduzioni e trattati ;$v29 490 1 $aCathedra 650 4$aLavoro$xAspetti morali e religiosi.$0(OLS)http://pul/subject/1144 830 0$aIntroduzioni e trattati (Queriniana) ;$v29.$0(OLS)http://pul/title/12913 830 0$aCathedra.$0(OLS)http://pul/title/97736 850 $aPUL 852 $aPUL$W1$xSL Religione 3$y85$m261. 85 MANGI 1$j120648$qDDC 21$B119863$CPULBib$Z2$F119863 $H103329 $82 941 1 $a9 996 $6020$a88-399-2179-6$9(OLS)http://pul/number/135428 996 $6245$aIl lavoro tra riconoscimento e mercato :$bper una logica del dono$9(OLS)http://pul/title/134304 996 $6260$aBrescia :$bQueriniana$9(OLS)http://pul/publisher/47906